Welcome to CU Library Online Public Access Catalogue (OPAC)

Mathematics/ (Record no. 1181)

MARC details
000 -LEADER
fixed length control field 00474nam a22001457a 4500
005 - DATE AND TIME OF LATEST TRANSACTION
control field 20241114115731.0
008 - FIXED-LENGTH DATA ELEMENTS--GENERAL INFORMATION
fixed length control field 241114b |||||||| |||| 00| 0 eng d
020 ## - INTERNATIONAL STANDARD BOOK NUMBER
International Standard Book Number 9780028240664
050 ## - LIBRARY OF CONGRESS CALL NUMBER
Classification number QA107 MAT
245 ## - TITLE STATEMENT
Title Mathematics/
Remainder of title applications and connections; Teachers Wraparound edition; Course 3
260 ## - PUBLICATION, DISTRIBUTION, ETC.
Place of publication, distribution, etc. Westerville, Ohio
Name of publisher, distributor, etc. Glencoe Macmillan/McGraw-Hill
Date of publication, distribution, etc. 1993
300 ## - PHYSICAL DESCRIPTION
Extent xx. various pagings
Other physical details ill. some color
Dimensions 28cm
650 ## - SUBJECT ADDED ENTRY--TOPICAL TERM
Source of heading or term Mathematics
942 ## - ADDED ENTRY ELEMENTS (KOHA)
Source of classification or shelving scheme Library of Congress Classification
Koha item type Books
Suppress in OPAC No
999 ## -
-- 1181
-- 1181
Holdings
Withdrawn status Lost status Source of classification or shelving scheme Damaged status Not for loan Collection Home library Current library Shelving location Date acquired Total checkouts Full call number Barcode Date last seen Copy number Price effective from Koha item type
    Library of Congress Classification     Non-fiction Science Library (Miotso) Science Library (Miotso) General stacks 11/14/2024   QA107 MAT SLM00000572 11/14/2024 1 11/14/2024 Books
    Library of Congress Classification     Non-fiction Science Library (Miotso) Science Library (Miotso) General stacks 11/14/2024   QA107 MAT SLM00000573 11/14/2024 2 11/14/2024 Books
© 2023-2024 Copyright: Central University Libraries. All Rights Reserved | Created by: Mahone Tech Office